Жировое перерождение печени и ишемическая болезнь сердца (Запись № 10218877)
[ простой вид ]
| 000 -МАРКЕР | |
|---|---|
| контрольное поле | 02121nam0a2200361 4500 |
| 001 - ИДЕНТИФИКАТОР ЗАПИСИ | |
| контрольное поле | RU\NLR\BIBL_A\010195349 |
| 005 - ИДЕНТИФИКАТОР ВЕРСИИ | |
| контрольное поле | 20260515143613.0 |
| 010 ## - МЕЖДУНАРОДНЫЙ СТАНДАРТНЫЙ НОМЕР КНИГИ (ISBN) | |
| Номер (ISBN) | 5-9904851-2-9 |
| Тираж | 1500 |
| 021 ## - НОМЕР ГОСУДАРСТВЕННОЙ РЕГИСТРАЦИИ | |
| Код страны | Российская Федерация |
| Номер | 2014-10305 |
| Номер Листа государственной регистраци | 657 |
| 035 ## - ДРУГИЕ СИСТЕМНЫЕ НОМЕРА | |
| Идентификатор записи | (NLR Aleph) 010195349 |
| 100 ## - ДАННЫЕ ОБЩЕЙ ОБРАБОТКИ | |
| Данные общей обработки | 20140227d2014 k y0rusy50 ca |
| 101 0# - ЯЗЫК РЕСУРСА | |
| Язык текста, звукозаписи и т.д. | русский |
| 102 ## - СТРАНА ПУБЛИКАЦИИ ИЛИ ПРОИЗВОДСТВА | |
| Страна публикации | Российская Федерация |
| 105 ## - ПОЛЕ КОДИРОВАННЫХ ДАННЫХ: ТЕКСТОВЫЕ МАТЕРИАЛЫ, МОНОГРАФИЧЕСКИЕ | |
| Кодированные данные о монографическом текстовом документе | a|||z|||000yc |
| 200 1# - ЗАГЛАВИЕ И СВЕДЕНИЯ ОБ ОТВЕТСТВЕННОСТИ | |
| Основное заглавие | Жировое перерождение печени и ишемическая болезнь сердца |
| Сведения, относящиеся к заглавию | гериатрические аспекты |
| Первые сведения об ответственности | [Антонова Анна Михайловна к.м.н., Баранов Владислав Сергеевич проф., чл.-корр. РАМН, проф., Болдуева Светлана Афанасьевна д.м.н., проф. и др.] |
| Последующие сведения об ответственности | под ред. Л.П. Хорошининой |
| 210 ## - ПУБЛИКАЦИЯ, РАСПРОСТРАНЕНИЕ И ДР. | |
| Место издания, распространения и т.д. | Москва |
| Имя издателя, распространителя и т. д. | Концепт Дизайн |
| Дата издания, распространения и т.д. | 2014 |
| 215 ## - ФИЗИЧЕСКАЯ ХАРАКТЕРИСТИКА | |
| Специфическое обозначение материала и объем | 349 с. |
| Другие сведения о физической характеристике | ил., цв. ил. |
| Размеры | 22 |
| 300 ## - ОБЩИЕ ПРИМЕЧАНИЯ | |
| Текст примечания | Авт. указаны на 3-й с. |
| 320 ## - ПРИМЕЧАНИЯ О НАЛИЧИИ В ДОКУМЕНТЕ БИБЛИОГРАФИИ / УКАЗАТЕЛЯ | |
| Текст примечания | Библиогр. в конце глав |
| 606 1# - НАИМЕНОВАНИЕ ТЕМЫ КАК ПРЕДМЕТ | |
| Наименование темы | Ишемическая болезнь сердца пожилых и старых людей |
| Системный номер авторитетной/нормативной записи | 2463619 |
| Идентификатор авторитетной/нормативной записи | RU\NLR\AUTH\661463693 |
| 606 1# - НАИМЕНОВАНИЕ ТЕМЫ КАК ПРЕДМЕТ | |
| Наименование темы | Печень |
| Тематический подзаголовок | Жировая дистрофия у пожилых и старых людей |
| Системный номер авторитетной/нормативной записи | 2189079 |
| Идентификатор авторитетной/нормативной записи | RU\NLR\AUTH\6601551926 |
| 686 1# - ИНДЕКСЫ ДРУГИХ КЛАССИФИКАЦИЙ | |
| Индекс | Р410.14-92 |
| 686 1# - ИНДЕКСЫ ДРУГИХ КЛАССИФИКАЦИЙ | |
| Индекс | Р413.510.4-92 |
| 701 #1 - ИМЯ ЛИЦА - АЛЬТЕРНАТИВНАЯ ОТВЕТСТВЕННОСТЬ | |
| Графика поля | Кириллица |
| Начальный элемент ввода | rus |
| -- | Антонова |
| Часть имени, кроме начального элемента ввода | А. М. |
| Дополнения к именам, кроме дат | канд. мед. наук, лучевая диагностика |
| Расширение инициалов личного имени | Анна Михайловна |
| Системный номер авторитетной/нормативной записи | 135019 |
| Идентификатор авторитетной/нормативной записи | RU\NLR\AUTH\770135053 |
| 701 #1 - ИМЯ ЛИЦА - АЛЬТЕРНАТИВНАЯ ОТВЕТСТВЕННОСТЬ | |
| Графика поля | Кириллица |
| Материалы, к которым относится поле | rus |
| Начальный элемент ввода | Баранов |
| Часть имени, кроме начального элемента ввода | В. С. |
| Дополнения к именам, кроме дат | д-р мед. наук, генетика |
| Даты | 1940-2022 |
| Расширение инициалов личного имени | Владислав Сергеевич |
| Системный номер авторитетной/нормативной записи | 13527 |
| Идентификатор авторитетной/нормативной записи | RU\NLR\AUTH\7730509 |
| 701 #1 - ИМЯ ЛИЦА - АЛЬТЕРНАТИВНАЯ ОТВЕТСТВЕННОСТЬ | |
| Начальный элемент ввода | Болдуева |
| Часть имени, кроме начального элемента ввода | С. А. |
| Расширение инициалов личного имени | Светлана Афанасьевна |
| 702 #1 - ИМЯ ЛИЦА - ВТОРИЧНАЯ ОТВЕТСТВЕННОСТЬ | |
| Код отношения | Редактор |
| Графика поля | Кириллица |
| Материалы, к которым относится поле | rus |
| Начальный элемент ввода | Хорошинина |
| Часть имени, кроме начального элемента ввода | Л. П. |
| Даты | 1954- |
| Расширение инициалов личного имени | Лидия Павловна |
| Системный номер авторитетной/нормативной записи | 117538 |
| Идентификатор авторитетной/нормативной записи | RU\NLR\AUTH\777605 |
| 942 ## - ДОПОЛНИТЕЛЬНЫЕ ЭЛЕМЕНТЫ ЗАПИСИ (АБИС) | |
| Тип экземпляра АБИС | Книга |
| 980 ## - КОЛЛЕКЦИЯ | |
| Название коллекции | НБР |
| 980 ## - КОЛЛЕКЦИЯ | |
| Название коллекции | Национальная библиография |
Нет доступных экземпляров.